| 000 | 01173cad a22002055a 4500 | ||
|---|---|---|---|
| 001 | E146659 | ||
| 008 | 090212e20090211xxk 000 0 eng d | ||
| 035 | _a(Sirsi) u146659 | ||
| 041 | 0 | _aeng | |
| 110 | 2 |
_aRegisters of Scotland _95601 |
|
| 245 | 0 | 0 |
_aAverage Scotland house price shows 3% decrease year on year as volumes of sales continue to decline _h[electronic resource] |
| 260 | _c2009 | ||
| 490 |
_aRegisters of Scotland News Release _v11 February 2009 |
||
| 520 | _aSuggests that the average house price in Scotland decreased by 3% in the fourth quarter of 2008, when compared with the same period in 2007. In the fourth quarter of 2008, the average price of a residential property in Scotland was £153 623, down 4.1% on the previous quarter. The volume of sales transactions also decreased by 53.6% when compared to the same quarter in 2007, and decreased by 23.2% on the previous quarter of 2008. | ||
| 590 | _aKA | ||
| 651 | 4 |
_aScotland _y1999- |
|
| 690 | _aPROPERTY-RESIDENTIAL PROPERTY-RESIDENTIAL PROPERTY MARKET | ||
| 856 | 4 | 0 |
_uhttps://www.ros.gov.uk/aboutus/pressreleases.html _zView the press release free of charge at www.ros.gov.uk... |
| 942 | _n0 | ||
| 999 |
_c81227 _d81227 |
||